Viete čo je podnikanie vo vidieckom turizme?

Možnosti podnikania vo vidieckom turizme (VT) na Slovensku. Výklad pojmu vidiecky turizmus. Dôvody pre dobré uplatnenie vidieckeho turizmu na Slovensku. Kvalita ubytovania a poskytovania služieb ako jedna zo základných podmienok úspešnosti podnikania vo VT. Základné služby. Legislatívne podmienky po...

Descripción completa

Guardado en:
Detalles Bibliográficos
Autor principal: Fekete, L.
Formato: Capítulo de libro
Lenguaje:eslovaco
Materias:
Etiquetas: Agregar Etiqueta
Sin Etiquetas, Sea el primero en etiquetar este registro!

MARC

LEADER 00000naa a2200000 4500
001 r021160
005 20230809082029.6
041 0 |a slo 
044 |a SK 
245 1 0 |a Viete čo je podnikanie vo vidieckom turizme?  |c L. Fekete 
520 |a Možnosti podnikania vo vidieckom turizme (VT) na Slovensku. Výklad pojmu vidiecky turizmus. Dôvody pre dobré uplatnenie vidieckeho turizmu na Slovensku. Kvalita ubytovania a poskytovania služieb ako jedna zo základných podmienok úspešnosti podnikania vo VT. Základné služby. Legislatívne podmienky podnikania vo VT. Platenie daní. Doterajšie skúsenosti vo VT na Slovensku. 
610 2 0 |a turistika 
610 2 0 |a vidiek 
610 2 0 |a služby 
610 2 0 |a ponuka 
610 2 0 |a kvalita 
610 2 0 |a ruch cestovný domáci 
610 2 0 |a Slovensko 
610 2 0 |a podnikanie 
610 2 0 |a legislatíva 
610 2 0 |a kancelárie cestovné 
100 1 |a Fekete, L.